[Event "Berkeley Summer IM 2019"]
[Site "Berkeley"]
[Date "2019.08.21"]
[Round "9.3"]
[White "Cervantes Landeiro, Thalia"]
[Black "Belakovskaia, Anjelina"]
[Result "1/2-1/2"]
[WhiteElo "2118"]
[BlackElo "2191"]
[Annotator "ChessBase"]
[PlyCount "105"]
[EventDate "2019.08.14"]
[EventType "tourn"]
[EventCountry "USA"]
[SourceTitle "playchess.com"]
[Source "ChessBase"]
[SourceQuality "1"]
[TimeControl "5400+30"]

1. d4 {[%emt 0:00:00]} d5 {[%emt 0:00:00]} 2. c4 {[%emt 0:00:00]} c6 {[%emt 0:00:00]} 3. Nf3 {[%emt 0:00:00]} Nf6 {[%emt 0:00:00]} 4. e3 {[%emt 0:00:00]} g6 {[%emt 0:02:08]} 5. b3 {[%emt 0:02:05]} Bg7 {[%emt 0:00:25]} 6. Bb2 {[%emt 0:00:36]} Bg4 {[%emt 0:10:47]} 7. Be2 {[%emt 0:02:17]} O-O {[%emt 0:02:52]} 8. O-O {[%emt 0:00:47]} Bxf3 {[%emt 0:06:47]} 9. Bxf3 {[%emt 0:00:27]} Ne4 {[%emt 0:00:34]} 10. Qd3 {[%emt 0:04:49]} f5 {[%emt 0:03:03]} 11. cxd5 {[%emt 0:01:35]} cxd5 {[%emt 0:00:05]} 12. Nc3 {[%emt 0:04:58]} e6 {[%emt 0:01:13]} 13. Ba3 {[%emt 0:03:47]} Rf7 {[%emt 0:04:54]} 14. Na4 {[%emt 0:09:00]} Na6 {[%emt 0:14:08]} 15. Rac1 {[%emt 0:07:12]} Rc8 {[%emt 0:03:22]} 16. b4 {[%emt 0:10:42]} Nd6 {[%emt 0:22:19]} 17. b5 {[%emt 0:06:57]} Nb8 {[%emt 0:00:51]} 18. Rxc8 {[%emt 0:07:16]} Nxc8 {[%emt 0:00:02]} 19. Rc1 {[%emt 0:00:59]} Rc7 {[%emt 0:00:18]} 20. Rc3 {[%emt 0:00:42]} b6 {[%emt 0:07:55]} 21. Bd1 {[%emt 0:02:03]} Bf8 {[%emt 0:01:18]} 22. Bxf8 {[%emt 0:05:28]} Kxf8 {[%emt 0:00:02]} 23. f3 {[%emt 0:03:09]} Nd6 {[%emt 0:00:19]} 24. Be2 {[%emt 0:06:19]} Qc8 {[%emt 0:00:50]} 25. Kf2 {[%emt 0:01:35]} Kf7 {[%emt 0:01:32]} 26. Rxc7+ {[%emt 0:02:09]} Qxc7 {[%emt 0:00:01]} 27. Qc3 {[%emt 0:00:22]} Qxc3 {[%emt 0:00:58]} 28. Nxc3 {[%emt 0:00:02]} Nd7 {[%emt 0:01:43]} 29. a4 {[%emt 0:00:55]} Ke7 {[%emt 0:01:42]} 30. Na2 {[%emt 0:00:43]} Nb8 {[%emt 0:02:31]} 31. Nb4 {[%emt 0:01:09]} Nf7 {[%emt 0:01:16]} 32. Bd3 {[%emt 0:02:08]} Kd6 {[%emt 0:00:26]} 33. e4 {[%emt 0:03:42]} fxe4 {[%emt 0:09:58]} 34. fxe4 {[%emt 0:00:06]} e5 {[%emt 0:00:03]} 35. exd5 {[%emt 0:02:56]} exd4 {[%emt 0:00:02]} 36. Nc6 {[%emt 0:00:37]} Ne5 {[%emt 0:01:21]} 37. Bc2 {[%emt 0:02:07]} Nbd7 {[%emt 0:00:05]} 38. Nxa7 {[%emt 0:03:35]} Kxd5 {[%emt 0:00:38]} 39. Nc6 {[%emt 0:01:56]} Nxc6 {[%emt 0:01:20]} 40. Be4+ {[%emt 0:00:27]} Kd6 {[%emt 0:00:05]} 41. bxc6 {[%emt 0:01:23]} Nc5 {[%emt 0:00:22]} 42. Bf3 {[%emt 0:01:32]} Nxa4 {[%emt 0:00:04]} 43. Ke2 {[%emt 0:00:04]} Nc5 {[%emt 0:00:23]} 44. h4 {[%emt 0:00:24]} h6 {[%emt 0:00:48]} 45. Kd2 {[%emt 0:00:42]} b5 {[%emt 0:01:25]} 46. g4 {[%emt 0:00:49]} g5 {[%emt 0:00:32]} 47. hxg5 {[%emt 0:00:05]} hxg5 {[%emt 0:00:01]} 48. Kc2 {[%emt 0:00:02]} b4 {[%emt 0:01:15]} 49. Bh1 {[%emt 0:00:39]} Kc7 {[%emt 0:00:35]} 50. Bd5 {[%emt 0:01:21]} Kd6 {[%emt 0:00:22]} 51. Bh1 {[%emt 0:00:01]} Kc7 {[%emt 0:00:58]} 52. Bd5 {[%emt 0:00:02]} Kd6 {[%emt 0:00:01]} 53. Bh1 {[%emt 0:01:02]} 1/2-1/2

[Event "Berkeley Summer IM 2019"]
[Site "Berkeley"]
[Date "2019.08.21"]
[Round "9.4"]
[White "Hernandez Moya, Yuleisy"]
[Black "Uyanga, Byambaa"]
[Result "1/2-1/2"]
[WhiteElo "2199"]
[BlackElo "2114"]
[Annotator "TA"]
[PlyCount "67"]
[EventDate "2019.08.14"]
[EventType "tourn"]
[EventCountry "USA"]
[SourceTitle "playchess.com"]
[Source "ChessBase"]
[SourceQuality "1"]

{[%evp 23,67,39,48,0,12,-183,-167,-225,-216,-204,-203,-223,-221,-203,-211,-199,-119,-115,-86,-94,-90,-122,-114,-117,-116,-117,-79,-74,-42,-37,27,-10,-6,-88,-45,-54,-15,-64,-80,-121,-118,-548,-545,-447,0,-314]} 1. e4 c5 2. Nf3 d6 3. d4 cxd4 4. Nxd4 Nf6 5. Nc3 g6 6. Be3 Bg7 7. f3 Nc6 8. Bc4 O-O 9. Qd2 Bd7 10. O-O-O Rc8 11. Bb3 Nxd4 12. Bxd4 b5 $1 13. h4 {Black should prevent h5. B78: Sicilian Dragon: Yugoslav Attack, 9 Bc4 Bd7 10 0-0-0 Rc8} (13. Nd5 Nxd5 14. Bxg7 Kxg7 15. exd5 a5 16. a3 Kg8 17. Rhe1 Rc5 18. Re3 b4 19. axb4 axb4 20. Qxb4 Qa8 21. Kd2 {½-½ (46) Alekseenko,K (2609)-Vocaturo,D (2620) Batumi 2018}) 13... a5 $1 {[%cal Ra5a4]} 14. a4 $2 (14. a3 $11) 14... bxa4 $19 15. Nxa4 (15. Ba2 $142) 15... Bxa4 16. Bxa4 {[#]} Rc4 $1 {[%cal Rc4a4]} 17. Bb3 {[#]} Nxe4 $1 {[%mdl 512]} 18. Qe3 (18. fxe4 Rxd4) 18... Rxd4 19. Rxd4 Bxd4 (19... Ng3 $19 20. Rdd1 a4 21. Bxa4 Nxh1 22. Rxh1 Qa5) 20. Qxd4 $17 Nc5 21. Bc4 $146 ({Predecessor:} 21. Ba2 Qb6 22. Qe3 Rb8 23. Qa3 {½-½ (23) Cabrera Gomez,T (1774)-Ruiz Yanes,J (1484) Tenerife 2015}) 21... Qb6 {Hoping for ...Nb3+!} 22. Kb1 {With the idea h5.} Rb8 23. h5 {aiming for hxg6.} e5 24. Qc3 Qb4 (24... gxh5 {is more complex.} 25. Ka2 Kg7 26. Rxh5 Na4 27. Qb3 Nxb2 28. Bxf7 Nd1) 25. Qxb4 Rxb4 {[%mdl 4096] Endgame KRB-KRN} 26. b3 g5 (26... Rb8 $15) 27. Ka2 Kg7 28. g4 (28. Ra1 $11 {remains equal.}) 28... h6 29. c3 Rb6 30. Ra1 {[#]} f5 $1 {[%mdl 512]} 31. Kb2 (31. gxf5 Kf6) 31... e4 32. Rxa5 $2 {[%mdl 8192]} (32. fxe4 $17 fxg4 33. Rf1) 32... exf3 $19 33. Ra7+ Kh8 $2 (33... Rb7 $19 34. Rxb7+ Nxb7 35. gxf5 Nc5) 34. gxf5 $2 {[%mdl 40960] Accuracy: White = 25%, Black = 60%. . An unexpected result.} (34. Rf7 $11 {and White stays safe.}) 1/2-1/2

[Event "Berkeley Summer IM 2019"]
[Site "Berkeley"]
[Date "2019.08.21"]
[Round "9.5"]
[White "Matras-Clement, Agnieszka"]
[Black "Krush, Irina"]
[Result "1/2-1/2"]
[WhiteElo "2260"]
[BlackElo "2417"]
[Annotator "TA"]
[PlyCount "59"]
[EventDate "2019.08.14"]
[EventType "tourn"]
[EventCountry "USA"]
[SourceTitle "playchess.com"]
[Source "ChessBase"]
[SourceQuality "1"]

{[%evp 19,59,0,-2,-8,7,0,14,0,7,13,13,6,21,0,0,0,15,0,0,0,0,-10,13,13,13,0,8,8,21,19,47,26,26,19,34,26,33,0,42,0,27,0]} 1. e4 c5 2. c3 Nf6 3. e5 Nd5 4. d4 cxd4 5. Nf3 Nc6 6. cxd4 d6 7. Bc4 Nb6 8. Bb5 dxe5 9. Nxe5 Bd7 10. Nxd7 Qxd7 11. O-O {B22: Sicilian: 2 c3} (11. Nc3 e6 12. O-O Rd8 13. Be3 Be7 14. Qb3 O-O 15. Rad1 Qd6 16. a3 Na5 17. Qa2 Nd5 18. Be2 Nc6 19. Nxd5 exd5 20. g3 {½-½ (57) Boruchovsky,A (2558)-Yilmaz,M (2624) Rio Achaea 2018}) 11... Rd8 12. Qf3 a6 13. Bxc6 $1 {The position is equal.} Qxc6 14. Qxc6+ bxc6 15. Be3 e6 16. Nc3 $146 ({Predecessor:} 16. Rc1 Kd7 17. Nd2 Nd5 18. Nb3 Rb8 {½-½ (106) Zinchenko,Y (2322)-Berczes,D (2393) Balatonlelle 2003}) 16... Kd7 17. Rac1 Nd5 18. Ne4 Rb8 19. b3 Be7 20. Rfd1 f5 21. Nc5+ Bxc5 $1 22. Rxc5 Rb5 23. Rdc1 Rc8 24. Bd2 Rc7 25. f3 Rc8 26. Kf2 Rc7 27. R1c4 Rc8 28. Rc1 Rc7 29. R1c4 Rc8 30. Rc1 {Accuracy: White = 38%, Black = 42%.} 1/2-1/2